1823 1287 1962 1327 1876 1096 1016 1185 1011 1452 1071 1105 1470 1586 1870 1372 1121 1754 1898 1223 1948 1655 1975 1010 1830 1549 1571 1459 1211 1985 1444 1774 1017 1648 1609 1689 1191 1521 1185 1151 1995 1916 1355 1605 1420 1647 1947 1429 1948 1879 1948 1112 1912 1304 1164 1111 1155 1723 1401 1075 1918 1685 1142 1828 1190 1647 1274 1277 1392 1282 1036 1715 1421 1702 1766 1644 1500 1547 1443 1733 1080 1772 1138 1540 1631 1086 1216 1859 1239 1459 1338 1689 1432 1480 1610 1508 1593 1045 1329 BCNSPRNW ULIB Ver.6.0+V

เปลี่ยนเป็นภาษาไทย

Change to English
 แสดงรายละเอียดบรรณานุกรม
  กลับหน้าหลัก

Brief Record : Get Marc (ISO 2709) : E-mail record : QR code < ปิดหน้าต่าง
LEADER : 00000nam 2200000uu 4500
001    13399125115
003     ULIB
008    020711s2550 th a 000 0 tha d
020    9789749899274
090    นว.^bย731ค
100    โยโคมิโซะ เซชิ
245    คินดะอิจิยอดนักสืบ ตอนที่8 : อย่าออกมาเดินตอนกลางคืน/^cโยโคมิโซะ เซชิ
260    กรุงเทพมหานคร :^bJBOOK,^c2550
300    232 หน้า
945    ^p190^l0^i022062
999    ^aทศพร
รายการนี้ยังไม่มีแท็ก
คุณยังไม่ได้ล็อกอิน คุณสามารถมีกิจกรรมร่วมกับเว็บไซต์ได้ แต่ต้องล็อกอินก่อน ::
  ล็อกอิน

รายการสื่อสารสนเทศ

ลำดับที่ ประเภท เลขเรียก/บาร์โค้ด สถานที่ สถานะ
1. นวนิยาย
นวนิยาย
นว. ย731ค ฉ.1 
  Barcode: 022062
ห้องสมุดวิทยาเขตสวรรค์ประชารักษ์
►หนังสือทั่วไป
บนชั้น

รายการใกล้เคียง
    ผู้แต่ง [โยโคมิโซะ เซชิ]

BibComment


ยังไม่เคยถูกคอมเมนท์

คอมเมนท์ทรัพยากรรายการนี้
  คอมเมนท์: คินดะอิจิยอดนักสื..


 Copyright 2026. Bcnsprnw @Library